<?xml version="1.0" encoding="UTF-8"?>
<record
    xmlns:xsi="http://www.w3.org/2001/XMLSchema-instance"
    xsi:schemaLocation="http://www.loc.gov/MARC21/slim http://www.loc.gov/standards/marcxml/schema/MARC21slim.xsd"
    xmlns="http://www.loc.gov/MARC21/slim">

  <leader>01019cam a22002898a 4500</leader>
  <controlfield tag="001">016590154</controlfield>
  <controlfield tag="003">OSt</controlfield>
  <controlfield tag="005">20150420134918.0</controlfield>
  <controlfield tag="008">131216t2014    moua   frb    001 0 eng d</controlfield>
  <datafield tag="020" ind1=" " ind2=" ">
    <subfield code="a">9780323241731 (pbk.)</subfield>
  </datafield>
  <datafield tag="040" ind1=" " ind2=" ">
    <subfield code="a">StDuBDS</subfield>
    <subfield code="c">StDuBDS</subfield>
    <subfield code="d">EG-ScBUE</subfield>
  </datafield>
  <datafield tag="082" ind1="0" ind2="4">
    <subfield code="a">610.7343</subfield>
    <subfield code="2">22</subfield>
    <subfield code="b">PUL</subfield>
  </datafield>
  <datafield tag="130" ind1="0" ind2=" ">
    <subfield code="a">Public health nursing (Stanhope)</subfield>
  </datafield>
  <datafield tag="245" ind1="1" ind2="0">
    <subfield code="a">Public health nursing :</subfield>
    <subfield code="b">population-centered health care in the community /</subfield>
    <subfield code="c">[edited by] Marcia Stanhope, Jeanette Lancaster.</subfield>
  </datafield>
  <datafield tag="250" ind1=" " ind2=" ">
    <subfield code="a">8th ed., Revised reprint.</subfield>
  </datafield>
  <datafield tag="260" ind1=" " ind2=" ">
    <subfield code="a">Missouri :</subfield>
    <subfield code="b">Elsevier,</subfield>
    <subfield code="c">c.2014.</subfield>
  </datafield>
  <datafield tag="300" ind1=" " ind2=" ">
    <subfield code="a">xxxi, 1095 p. :</subfield>
    <subfield code="b">ill. (col.) ;</subfield>
    <subfield code="c">28 cm.</subfield>
  </datafield>
  <datafield tag="500" ind1=" " ind2=" ">
    <subfield code="a">This edition originally published : 2012.</subfield>
  </datafield>
  <datafield tag="500" ind1=" " ind2=" ">
    <subfield code="a">Index : p. 1063-1095.
</subfield>
  </datafield>
  <datafield tag="504" ind1=" " ind2=" ">
    <subfield code="a">Includes bibliographical references.</subfield>
  </datafield>
  <datafield tag="650" ind1=" " ind2="0">
    <subfield code="a">Community health nursing</subfield>
    <subfield code="9">4083</subfield>
    <subfield code="2">BUEsh.</subfield>
  </datafield>
  <datafield tag="653" ind1=" " ind2=" ">
    <subfield code="b">NNUR</subfield>
    <subfield code="c">April2015</subfield>
  </datafield>
  <datafield tag="655" ind1=" " ind2=" ">
    <subfield code="v">reading book</subfield>
    <subfield code="9">34232</subfield>
  </datafield>
  <datafield tag="700" ind1="1" ind2=" ">
    <subfield code="a">Stanhope, Marcia</subfield>
    <subfield code="e">editor.</subfield>
    <subfield code="9">37665</subfield>
  </datafield>
  <datafield tag="700" ind1="1" ind2=" ">
    <subfield code="a">Lancaster, Jeanette</subfield>
    <subfield code="e">editor.</subfield>
    <subfield code="9">37666</subfield>
  </datafield>
  <datafield tag="942" ind1=" " ind2=" ">
    <subfield code="2">ddc</subfield>
  </datafield>
  <datafield tag="999" ind1=" " ind2=" ">
    <subfield code="c">19202</subfield>
    <subfield code="d">19174</subfield>
  </datafield>
  <datafield tag="952" ind1=" " ind2=" ">
    <subfield code="0">0</subfield>
    <subfield code="1">0</subfield>
    <subfield code="2">ddc</subfield>
    <subfield code="4">0</subfield>
    <subfield code="7">0</subfield>
    <subfield code="8">&#x627;&#x64A;&#x645;&#x643;</subfield>
    <subfield code="a">MAIN</subfield>
    <subfield code="b">MAIN</subfield>
    <subfield code="c">1ST</subfield>
    <subfield code="d">2015-04-20</subfield>
    <subfield code="e">purchase</subfield>
    <subfield code="g">908.00</subfield>
    <subfield code="h">2446</subfield>
    <subfield code="l">2</subfield>
    <subfield code="m">1</subfield>
    <subfield code="o">610.7343 PUL</subfield>
    <subfield code="p">000038026</subfield>
    <subfield code="r">2025-07-15 00:00:00</subfield>
    <subfield code="s">2016-09-06</subfield>
    <subfield code="v">1135.00</subfield>
    <subfield code="y">BB</subfield>
  </datafield>
  <datafield tag="952" ind1=" " ind2=" ">
    <subfield code="0">0</subfield>
    <subfield code="1">0</subfield>
    <subfield code="2">ddc</subfield>
    <subfield code="4">0</subfield>
    <subfield code="7">0</subfield>
    <subfield code="8">&#x627;&#x64A;&#x645;&#x643;</subfield>
    <subfield code="a">MAIN</subfield>
    <subfield code="b">MAIN</subfield>
    <subfield code="c">1ST</subfield>
    <subfield code="d">2015-04-20</subfield>
    <subfield code="e">purchase</subfield>
    <subfield code="g">908.00</subfield>
    <subfield code="h">2446</subfield>
    <subfield code="l">5</subfield>
    <subfield code="m">21</subfield>
    <subfield code="o">610.7343 PUL</subfield>
    <subfield code="p">000038033</subfield>
    <subfield code="r">2025-10-06 00:00:00</subfield>
    <subfield code="s">2025-09-29</subfield>
    <subfield code="v">1135.00</subfield>
    <subfield code="y">BB</subfield>
  </datafield>
</record>
